|
|
|
|
| LEADER |
00000nab#a22000007a#4500 |
| 001 |
arbauad029116 |
| 003 |
AR-BaUAD |
| 005 |
20250711112347.0 |
| 008 |
971110|||||||||###||||||b###|0###a|spa|| |
| 040 |
|
|
|a AR-BaUAD
|c AR-BaUAD
|b spa
|
| 100 |
|
|
|a Mutti, Roberta
|
| 245 |
|
|
|a A proposito di cicune /
|c Roberta Mutti; Laura Ravaioli;
|
| 300 |
0 |
|
|b fot.
|
| 653 |
|
|
|a ITALIA
|
| 653 |
|
|
|a MILAN
|
| 653 |
|
|
|a EXPOSICIONES
|
| 653 |
|
|
|a EUROCUCINA
|
| 653 |
|
|
|a EQUIPAMIENTO
|
| 653 |
|
|
|a COCINAS
|
| 653 |
|
|
|a MOBILIARIO
|
| 653 |
|
|
|a BAJOMESADAS
|
| 653 |
|
|
|a ALACENAS
|
| 653 |
|
|
|a ACCESORIOS
|
| 653 |
|
|
|a VAJILLA
|
| 653 |
|
|
|a ARTEFACTOS
|
| 653 |
|
|
|a ELECTRODOMESTICOS
|
| 653 |
|
|
|a CAFETERAS
|
| 653 |
|
|
|a JUGUERAS
|
| 653 |
|
|
|a TOSTADORAS DE PAN
|
| 653 |
|
|
|a TETERAS
|
| 653 |
|
|
|a HELADERAS
|
| 653 |
|
|
|a EXTRACTORES
|
| 653 |
|
|
|a UTENSILIOS
|
| 653 |
|
|
|a PIMENTEROS
|
| 653 |
|
|
|a COCINA
|
| 653 |
|
|
|a DISEÑO INDUSTRIAL
|
| 700 |
1 |
|
|a Ravaioli, Laura
|
| 773 |
0 |
|
|t INTERNI
|g no. 451 [jun. 1995], p. 118-133
|
| 942 |
|
|
|c ARTI
|
| 952 |
|
|
|0 0
|1 0
|4 0
|7 0
|9 74035
|a AR-BAuAD
|b AR-BAuAD
|d 2025-07-11
|l 0
|p AAQA029116
|r 2025-07-11 11:23:47
|w 2025-07-11
|y ARTI
|
| 990 |
|
|
|a DI199
|b TD
|
| 998 |
|
|
|a AAQ
|b BIBUN76
|
| 999 |
|
|
|c 53708
|d 53708
|